000 00722nam a2200205 a 4500
001 000026429
005 20200930030223.0
008 110317s19uu dr r 000 0 spa d
040 _aDO-SdBNP
_bspa
_cBNPHU
082 _a079.7293
_bR696d
100 1 _aRodríguez y Rodríguez, Alberto
_922516
245 1 0 _a18 décadas de periodismo dominicano /
_cAlberto Rodríguez y Rodríguez.
246 1 0 _aDieciocho décadas de periodismo dominicano
260 _aSanto Domingo :
_bSusaeta,
_c[199?].
300 _a2v. ;
_c28 cm.
590 _aInventariado,2018/DG
650 4 _aPeriodismo
_zRepública Dominicana
_xHistoria
_985
650 4 _aPeriódicos dominicanos
_xÍndices
_953476
910 _aValidado. Control de calidad. MFF
999 _c25921
_d25921